000 00358nam a2200133 a 4500
005 20141022142006.0
008 100906s19uu xx 00 eng d
050 _aVCD
_bD54 199_
245 _aBuilding a succcessful business plan:
_bsales training program.
260 _bMagna Vision,
_c199_.
650 _aVCD
650 _aTraining program
942 _cAVM
999 _c276521
_d276521